[Event "Oberliga Baden 1920"]
[Site "Baden"]
[Date "2019.09.29"]
[Round "1.7"]
[White "Lutz, Andreas"]
[Black "Trifan, Andrei Ioan"]
[Result "0-1"]
[WhiteElo "2056"]
[BlackElo "2235"]
[PlyCount "68"]
[EventDate "2019.09.29"]
[EventType "team-tourn"]
[EventRounds "9"]
[EventCountry "GER"]
[SourceTitle "CBM 195 Extra"]
[Source "ChessBase"]
[SourceDate "2020.05.31"]
[SourceVersion "1"]
[SourceVersionDate "2020.05.31"]
[SourceQuality "1"]
[WhiteTeam "Dreilaendereck"]
[BlackTeam "Baden-Baden III"]
[WhiteTeamCountry "GER"]
[BlackTeamCountry "GER"]

1. Nf3 Nf6 2. g3 g6 3. Bg2 Bg7 4. d3 0-0 5. 0-0 d6 6. c4 e5 7. Nc3 a5 8. Rb1 Qe8 9. Qc2 Nh5 10. Nd5 Na6 11. Bd2 a4 12. b3 axb3 13. axb3 f5 14. b4 Qf7 15. Bc3 h6 16. Ra1 Be6 17. Nd2 g5 18. Ra5 Rad8 19. b5 Nc5 20. Nb3 f4 21. Nxc5 dxc5 22. Ra7 g4 23. Rxb7 f3 24. Bh1 Bxd5 25. cxd5 Rxd5 26. h3 e4 27. dxe4 fxe2 28. Qxe2 Nxg3 29. fxg3 Qxf1+ 30. Qxf1 Rxf1+ 31. Kxf1 Rd1+ 32. Ke2 Rxh1 33. Bxg7 gxh3 34. Kf2 Rb1 0-1